Введение в оптическую минералогию: учебное пособие

Dades bibliogràfiques
Autor principal: Столбова Н. Ф. Нэля Фeдоровна
Autor corporatiu: Национальный исследовательский Томский политехнический университет (ТПУ)
Sumari:Заглавие с титульного экрана
Электронная версия печатной публикации
В пособии дана принятая в петрографии систематика главных породообразующих минералов, выделены характерные особенности наиболее важных групп минералов в их ассоциациях, представлены в табличной форме оптические и морфологические свойства минеральных индивидов и рекомендована последовательность их изучения с использованием поляризационного микроскопа. Предназначено для студентов высших учебных заведений, обучающихся по направлению 130300 «Прикладная геология» в качестве учебного пособия по дисциплине «Петрография магматических и метаморфических пород. Петрология»
Режим доступа: из сети НТБ ТПУ
Idioma:rus
Publicat: Томск, Изд-во ТПУ, 2010
Edició:4-е изд.
Col·lecció:Учебники Томского политехнического университета
Matèries:
Accés en línia:http://www.lib.tpu.ru/fulltext3/m/2009/m14.pdf
Format: MixedMaterials Electrònic Llibre
KOHA link:https://koha.lib.tpu.ru/cgi-bin/koha/opac-detail.pl?biblionumber=150711

MARC

LEADER 00000nlm0a2200000 4500
001 150711
005 20231101221515.0
035 |a (RuTPU)RU\TPU\book\163396 
090 |a 150711 
100 |a 20090113d2010 m y0rusy50 ca 
101 0 |a rus 
102 |a RU 
105 |a a j 001zy 
135 |a drcn ---uucaa 
181 0 |a i  
182 0 |a b 
200 1 |a Введение в оптическую минералогию  |b Электронный ресурс  |e учебное пособие  |g Национальный исследовательский Томский политехнический университет (ТПУ)  |f Н. Ф. Столбова 
203 |a Текст  |c электронный 
205 |a 4-е изд. 
210 |a Томск  |c Изд-во ТПУ  |d 2010 
225 1 |a Учебники Томского политехнического университета 
230 |a 1 компьютерный файл (pdf; 63.0 MB) 
300 |a Заглавие с титульного экрана 
300 |a Электронная версия печатной публикации 
330 |a В пособии дана принятая в петрографии систематика главных породообразующих минералов, выделены характерные особенности наиболее важных групп минералов в их ассоциациях, представлены в табличной форме оптические и морфологические свойства минеральных индивидов и рекомендована последовательность их изучения с использованием поляризационного микроскопа. Предназначено для студентов высших учебных заведений, обучающихся по направлению 130300 «Прикладная геология» в качестве учебного пособия по дисциплине «Петрография магматических и метаморфических пород. Петрология» 
333 |a Режим доступа: из сети НТБ ТПУ 
337 |a Adobe Reader 
452 1 |0 (RuTPU)RU\TPU\book\197390  |y 5-98298-485-5  |t Введение в оптическую минералогию  |o учебное пособие  |g Томский политехнический университет (ТПУ)  |f Н. Ф. Столбова  |e 4-е изд.  |c Томск  |n Изд-во ТПУ  |d 2010  |p 91 с.  |s Учебники Томского политехнического университета  |a Столбова, Нэля Фeдоровна 
606 1 |a Минералы  |x Оптические свойства  |x Определение  |2 stltpush  |3 (RuTPU)RU\TPU\subj\43955  |9 63366 
610 1 |a минералогия 
610 1 |a оптические методы 
610 1 |a магматические породы 
610 1 |a метаморфические породы 
610 1 |a осадочные породы 
610 1 |a изучение 
610 1 |a визуальное определение 
610 1 |a учебные пособия 
610 1 |a электронный ресурс 
610 1 |a труды учёных ТПУ 
610 1 |a оптическая минералогия 
675 |a 549.086(075.8)  |v 3 
700 1 |a Столбова  |b Н. Ф.  |c российский геолог  |c доцент Томского политехнического университета  |f 1940-  |g Нэля Фeдоровна  |2 stltpush  |3 (RuTPU)RU\TPU\pers\26073 
712 0 2 |a Национальный исследовательский Томский политехнический университет (ТПУ)  |c (2009- )  |2 stltpush  |3 (RuTPU)RU\TPU\col\15902 
801 1 |a RU  |b 63413507  |c 20090113  |g PSBO 
801 2 |a RU  |b 63413507  |c 20220801  |g PSBO 
856 4 |u http://www.lib.tpu.ru/fulltext3/m/2009/m14.pdf 
942 |c CF